| 000 | 00444nam a2200157Ia 4500 | ||
|---|---|---|---|
| 008 | 230718s9999 xx 000 0 und d | ||
| 041 | _aeng | ||
| 082 |
_a005.117 _bRUB |
||
| 100 | _aRuby S. | ||
| 245 | _aAgile Web Development With Rails 4 | ||
| 260 |
_c2014 _bPragmatic Bookshelf /SPD |
||
| 300 | _a434 | ||
| 365 |
_cRs. _b675.00 |
||
| 700 | _aRuby S.; Thomas D. & Hansson D.H. | ||
| 906 |
_dO:0429906-Nov-2014B:622905-Aug-2014 _cCOMP _b148.5 |
||
| 999 |
_c338683 _d338683 |
||